00327nam a2200133Ia 4500008004100000020001500041041001200056100001300068245005600081250000800137260002500145300000800170650001500178221030s9999 xx 000 0 und d a0070263628 aEnglish aA. Kazmi 0aStrategic Management & Business Policycby A. Kazmi a3rd bTMHaNew Delhic2013 a698 aManagement